000 01077nam a22003137a 4500
003 CHAP
005 20220329143809.0
008 110905s1994 mx a r 00010 spa d
010 _a102018
011 _a102990
020 _a9686041265
035 _a113679
040 _cCHAP
082 0 4 _a361.37
_bP27
110 2 _aPatronato Nacional de Promotores Voluntarios
_986216
245 1 3 _aLa acción voluntaria en el contexto histórico de la asistencia social en México
_c/por Patronato Nacional de Promotores Voluntarios
260 _aMéxico, D.F. :
_bGustavo Casasola,
_c1994
300 _a165 p. :
_bilus.
590 _aBATCH-UPD
_b10
_c20130110
_lUCH01
_h1133
590 _aBATCH-UPD
_b10
_c20130410
_lUCH01
_h0721
590 _aBATCH-UPD
_b10
_c20130914
_lUCH01
_h0423
590 _aCONVERSION
_b10
_c20130109
_lUCH01
_h1356
650 1 4 _aAsistencia social.
_97959
650 1 4 _aMéxico
_xCondiciones sociales.
_976730
650 1 4 _aTrabajo social.
_9114502
901 _aBK
942 _cLIBRO
949 _a361.37 P27
_bBC
_cLIBRO
_d33724002306926
_eLIBRO
_h115729
_i113679
_sb
999 _c102018
_d102018